00947cam a22002657a 45000010009000000050017000090080041000260100017000670160016000840200018001000200015001180350024001330400142001570410008002990420014003070550026003210800020003470820024003671000007003911010008003982450046004065040051004525300044005037760134005471918135620180205034411.0160719s2011 bcca b 001 0 eng  a 2016417685 a20119005506 a9781553658313 a1553658310 a(OCoLC)ocn663952969 aNLCbengcNLCdBTCTAdYDXCPdCDXdORXdMIAdCPLdFVCdOXFdLMRdIBIdNSBdBDXdSHHdOCLCQdAZHdS4SdOCLCQdOCLCFdOCLCOdZ45dOCLCQdDLC aeng alccopycat00aQC981.8 G56bB47 2011 a363.738747 mik04a363.738747 mik2231 a10 anut10aHow bad are bananas? :cMike Berners-Lee. aIncludes bibliographical references and index. aAlso available in an electronic format.08iOnline version:aBerners-Lee, Mike.tHow bad are bananas?dVancouver, BC : Greystone Books, 2011z9781553658320w(OCoLC)768347677